Quiz o Broku - Statystyki

Ogólne statystyki
  • Ten quiz został rozwiązany 3 razy
  • Średni wynik to 5 z 10
Statystyki odpowiedzi
Wskazówka Odpowiedź % Poprawnych
Województwo, w którym znajduje się Brok mazowieckie
100%
Powiat, w którym znajduje się to miasto ostrowski
100%
Tablica rejestracyjna Broku WOR
100%
W Jakim powiecie leżał Brok w 1827 roku? ostrołęcki
67%
Wiek, w którym Brok odzyskał prawa miejskie XX (1922)
67%
Kod pocztowy Broku 07-306
33%
Województwo, w którym leżał Brok w latach 1975-1998 ostrołęckie
33%
Na jakiej ziemi leży Brok? Ziemia {nurska}
33%
Klub piłkarski tego miasta Bug Brok
0%
Burmistrz Broku Sebastian Oczkowski
0%
Nie znaleziono quizów pasujących do podanych kryteriów
Rozkład punktacji
Procent ludzi z każdym wynikiem
Percentyl według liczby udzielonych odpowiedzi
Twoja historia wyników
Nie rozwiązałeś tego quizu